000 00901nam a2200217 a 4500
005 20231128063859.0
008 180803s2017 mx r 000 0 spa d
035 _aUPN01000225978
049 _aCG
050 4 _aF1219.3 E3
_bB7.3
245 0 0 _aBreve panorama educativo de la población indígena :
_bdía internacional de los pueblos indígenas 9 de agosto de 2017.
_cRaúl René Rojas Olmos ... [et al.] ; coord. Héctor V. Robles Vásquez ; colab. Norma Alfaro Aguilar.
260 _aMéxico :
_bINEE,
_c2017.
300 _a83 p. :
_bil. col., tablas, mapas
650 4 _aIndígenas de México
_xEducación
_vEstadística
_926121
650 4 _aIndígenas de México
_xEducación
_xHistoria
_923132
700 1 _aRojas Olmos, Raúl René,
_ecoaut.
700 1 _aRobles Vásquez, Héctor Virgilio
_ecoord.
_940884
700 1 _aAlfaro Aguilar, Norma,
_ecolab.
905 _aLibro
999 _c198074
_d198074